00271nam a22000977a 450000500170000002000180001710000200003524500540005526000510010930000130016020260625152510.0 a9781009486910 aStrange, Austin aChinese global infrastructure/cby Austin Strange a. - U K b: Cambridge University Pressc, 2024 a94 pages